A marketing action plan for the growing business / (Record no. 143648)

MARC details
000 -LEADER
fixed length control field 00859nam a2200265 a 4500
003 - CONTROL NUMBER IDENTIFIER
control field OSt
005 - DATE AND TIME OF LATEST TRANSACTION
control field 20240226145208.0
008 - FIXED-LENGTH DATA ELEMENTS--GENERAL INFORMATION
fixed length control field
020 ## - INTERNATIONAL STANDARD BOOK NUMBER
International Standard Book Number 0749413131 (paperback)
040 ## - CATALOGING SOURCE
Transcribing agency NUST
Original cataloging agency NUST
Language of cataloging eng
Modifying agency NUST
Description conventions rda
050 ## - LIBRARY OF CONGRESS CALL NUMBER
Classification number HF5415 VYA
100 1# - MAIN ENTRY--PERSONAL NAME
Personal name Vyakarnam, Shailendra.
245 12 - TITLE STATEMENT
Title A marketing action plan for the growing business /
Statement of responsibility, etc. Shailendra Vyakarnam, John W Leppard.
260 ## - PUBLICATION, DISTRIBUTION, ETC.
Place of publication, distribution, etc. London :
Name of publisher, distributor, etc. Kogan Page,
Date of publication, distribution, etc. ©1995.
300 ## - PHYSICAL DESCRIPTION
Extent 225 pages
Other physical details illustrations
Dimensions 22 cm.
336 ## - CONTENT TYPE
Source rdacontent
Content type term text
Content type code txt
337 ## - MEDIA TYPE
Source rdacontent
Media type term unmediated
Media type code n
338 ## - CARRIER TYPE
Source rdacarrier
Carrier type term volume
Carrier type code nc
440 #0 - SERIES STATEMENT/ADDED ENTRY--TITLE
Title Business enterprise.
504 ## - BIBLIOGRAPHY, ETC. NOTE
Bibliography, etc. note Includes index
650 #0 - SUBJECT ADDED ENTRY--TOPICAL TERM
Topical term or geographic name entry element Small business
General subdivision Management.
650 #0 - SUBJECT ADDED ENTRY--TOPICAL TERM
Topical term or geographic name entry element Marketing.
700 1# - ADDED ENTRY--PERSONAL NAME
Personal name Leppard, John.
942 ## - ADDED ENTRY ELEMENTS (KOHA)
Koha item type Ordinary Loan Books
Call number prefix HF
Source of classification or shelving scheme Library of Congress Classification
Classification part HF5415 VYA
Call number suffix VYA
Suppress in OPAC No
Holdings
Withdrawn status Lost status Source of classification or shelving scheme Damaged status Not for loan Collection Home library Current library Shelving location Date acquired Source of acquisition Cost, normal purchase price Total Checkouts Full call number Barcode Date last seen Accession number Cost, replacement price Price effective from Koha item type Public note
    LCC     NFIC MAIN MAIN GEN 05/16/2023 Book Aid International 30.00 21 HF5415 VYA 92003012959 01/23/2023 18606 30.00 05/16/2023 BOOKS Donation